00758cam a22001934a 45000010009000000050017000090080041000260200035000670200036001020500024001380820016001621000016001782450143001942600048003373000025003856500044004106500039004546500071004931316530920241211174317.0030416s2003 nyu b 001 0 eng  a0807743895 (pbk. : alk. paper) a0807743909 (cloth : alk. paper)00aLC1099.3b.D56 200300a370.1172211 aDilg, Mary.10aThriving in the multicultural classroom :bprinciples and practices for effective teaching /cMary Dilg ; foreword by Vivian Gussin Paley. aNew York :bTeachers College Press,cc2003. axv, 223 p. ;c23 cm. 0aMulticultural educationzUnited States. 0aEffective teachingzUnited States. 0aEducation, SecondaryxSocial aspectszUnited StatesvCase studies.